| 000 | 00619nam a2200181 i 4500 | ||
|---|---|---|---|
| 001 | 73816 | ||
| 003 | ES-MaACL | ||
| 005 | 20230906171930.0 | ||
| 007 | t| | ||
| 008 | 040913s1968 it ||||1| ita d | ||
| 100 | 0 |
_aGómez-Tabanera, José Manuel, _d1926-2011 _958165 |
|
| 245 | 1 | 2 |
_aL'Asia Centrale / _cJosé Manuel Gómez-Tabanera. |
| 260 |
_a[Torino] : _bUnione Tipografico-Editrice Torinese, _c[1968] |
||
| 300 |
_a25 h., 1 lám. : _bil. ; _c26 cm. |
||
| 500 | _aEs Separata de: Razze e popoli della terra, di Renato Biasutti, V. II, p. 461-510. | ||
| 852 |
_aES-MaACL _jC-35698 _bR.69235 |
||
| 999 |
_c73816 _d73816 |
||